000
00219 a2200097 4500
001
49469
100
_a
Corbett
245
_a
Man-Eaters of Kumoon
260
_a
London
_b
Oxford University Press
_c
090
_c
32000
_d
32000
942
_a
NUST-CAE
_c
M
_c
24449
999
_c
284542
_d
284542